000 00551nam a2200205Ia 4500
005 20260429112138.0
008 260429s9999||||xx |||||||||||||| ||und||
020 _a9781032551555
041 _aEnglish
082 _a579.6
_bSRI
100 _aSridhar, Kandikere R.
245 0 _aEcology of macrofungi :
_ban overview /
_cKandikere R. Sridhar
250 _a1st ed.
260 _aBoca Raton :
_bCRC Press,
_c2024.
300 _axii, 334 p.; pbk
650 _a Macrofungi
650 _aEcology
700 _a Deshmukh, Sunil Kumar
942 _cTB
999 _c52582
_d52582